000 00460nam a22001697a 4500
003 NUST - PNEC
005 20170116181033.0
008 150919b xxu||||| |||| 00| 0 eng d
020 _a0879422157
040 _cLIBRARY
082 _a621.3815234 TEM
100 _911178
_aTemes, Gabor C.
245 _aSelected papers on integrated analog filters
_cGabor C. Temes
260 _cc.1987
650 _911181
_aSwitched capacitor circuits
_xEE
942 _2ddc
_cBK
999 _c67796
_d67796